[Event "Women's Speed Chess Q1"]
[Site "chess.com INT"]
[Date "2020.06.18"]
[Round "3"]
[White "Gunina, Valentina"]
[Black "Daulyte-Cornette, Deimante"]
[Result "1-0"]
[WhiteTitle "GM"]
[BlackTitle "IM"]
[WhiteElo "2431"]
[BlackElo "2400"]
[WhiteFideId "4167570"]
[BlackFideId "12802859"]
[EventDate "2020.06.18"]

1. d4 Nf6 2. c4 b6 3. Nc3 Bb7 4. d5 e6 5. e4 Bb4 6. Bd3 Bxc3+ 7. bxc3 d6 8. Ne2
Nbd7 9. O-O Nc5 10. Bg5 h6 11. Bh4 g5 12. Bg3 Nfxe4 13. Bxe4 Nxe4 14. Qd4 Nf6
15. f4 Rf8 16. fxg5 e5 17. Bxe5 dxe5 18. Qxe5+ Qe7 19. Qxe7+ Kxe7 20. gxf6+ Kd6
21. Nd4 Kc5 22. Rf4 Ba6 23. Nb3+ Kd6 24. Kf2 Rae8 25. Re1 Rxe1 26. Kxe1 Re8+ 27.
Kf2 Re5 28. Nd2 Kc5 29. Rd4 Kd6 30. Ne4+ Kd7 31. c5 Rf5+ 32. Kg3 Bf1 33. c6+ Kd8
34. d6 cxd6 35. Nxd6 Rg5+ 36. Kf2 Rxg2+ 37. Kxf1 Rxh2 38. Nb5+ 1-0

[Event "Women's Speed Chess Q1"]
[Site "chess.com INT"]
[Date "2020.06.18"]
[Round "3"]
[White "Zhukova, Natalia"]
[Black "Gokbulut, Julia"]
[Result "1-0"]
[WhiteTitle "GM"]
[BlackTitle "WFM"]
[WhiteElo "2328"]
[BlackElo "1970"]
[WhiteFideId "14101513"]
[BlackFideId "4153979"]
[EventDate "2020.06.18"]

1. c4 e5 2. Nc3 Nf6 3. Nf3 Nc6 4. e4 d6 5. d4 exd4 6. Nxd4 Bd7 7. Be2 g6 8. Nc2
Bg7 9. O-O O-O 10. Be3 Re8 11. f3 a5 12. Qd2 Nb4 13. Nd4 Nc6 14. Ndb5 Ne5 15.
Rac1 Bxb5 16. Nxb5 b6 17. b3 Qe7 18. Rfd1 Red8 19. a3 Ne8 20. Nc3 c6 21. Bxb6
Rdb8 22. c5 dxc5 23. Na4 c4 24. Bc5 Qh4 25. bxc4 Bh6 26. Be3 Rd8 27. Qc3 Bf4 28.
Bxf4 Qxf4 29. g3 Qf6 30. f4 Nd7 31. Qxf6 Nexf6 32. Bf3 c5 33. e5 1-0

[Event "Women's Speed Chess Q1"]
[Site "chess.com INT"]
[Date "2020.06.18"]
[Round "3"]
[White "Alboredo, Julia"]
[Black "Aakanksha, Hagawane"]
[Result "0-1"]
[WhiteTitle "WFM"]
[BlackTitle "WIM"]
[WhiteElo "2182"]
[BlackElo "2238"]
[WhiteFideId "2124807"]
[BlackFideId "25014510"]
[EventDate "2020.06.18"]

1. e4 e5 2. Nf3 Nc6 3. d4 exd4 4. Bc4 Nf6 5. e5 d5 6. Bb5 Ne4 7. Nxd4 Bc5 8. Be3
Bxd4 9. Bxd4 O-O 10. Bxc6 bxc6 11. c3 Ba6 12. Nd2 Qh4 13. Qf3 Rab8 14. O-O-O c5
15. Be3 Nxc3 16. bxc3 Qa4 17. Bxc5 Qxa2 18. Bb4 c5 19. Nb1 cxb4 20. Rd2 Qa1 21.
Rb2 bxc3 22. Qxc3 Rbc8 23. Rc2 Rxc3 24. Rxc3 Rb8 0-1

[Event "Women's Speed Chess Q1"]
[Site "chess.com INT"]
[Date "2020.06.18"]
[Round "3"]
[White "Paramzina, Anastasya"]
[Black "Nguyen, Hong Anh"]
[Result "0-1"]
[WhiteTitle "WGM"]
[BlackTitle "WIM"]
[WhiteElo "2209"]
[BlackElo "1970"]
[WhiteFideId "4165012"]
[BlackFideId "12406732"]
[EventDate "2020.06.18"]

1. e4 c5 2. Nf3 Nc6 3. d4 cxd4 4. Nxd4 g6 5. c4 Nf6 6. Nc3 d6 7. Be2 Nxd4 8.
Qxd4 Bg7 9. Be3 O-O 10. Qd2 Be6 11. Rc1 Qa5 12. f3 Rfc8 13. b3 a6 14. Nd5 Qxd2+
15. Kxd2 Nxd5 16. cxd5 Bd7 17. Rxc8+ Rxc8 18. Rc1 Rxc1 19. Kxc1 f5 20. a4 Be5
21. h3 Kf7 22. Kd2 b5 23. axb5 axb5 24. Bb6 b4 25. Ke3 Bc3 26. Ba6 e6 27. Kd3
fxe4+ 28. fxe4 exd5 29. exd5 Bf5+ 30. Kc4 Be4 31. Ba5 Bxg2 32. Bxb4 Be5 33. Kb5
Bxd5 34. Bc8 Bxb3 35. Kc6 Be6 36. Bxd6 Bxd6 0-1

[Event "Women's Speed Chess Q1"]
[Site "chess.com INT"]
[Date "2020.06.18"]
[Round "3"]
[White "Batsiashvili, Nino"]
[Black "Skuhala, Barbara"]
[Result "1/2-1/2"]
[WhiteTitle "GM"]
[BlackTitle "WFM"]
[WhiteElo "2457"]
[BlackElo "2095"]
[WhiteFideId "13602993"]
[BlackFideId "14605465"]
[EventDate "2020.06.18"]

1. d4 d5 2. Nf3 Nf6 3. Bf4 e6 4. Nbd2 Bd6 5. Bg5 Be7 6. e3 Nbd7 7. Bd3 b6 8. Ne5
Bb7 9. f4 O-O 10. O-O Ne4 11. Bxe7 Qxe7 12. Nxe4 dxe4 13. Bc4 f6 14. Nxd7 Qxd7
15. f5 Bd5 16. Bxd5 exd5 17. Rf4 Qf7 18. c3 c5 19. Qb3 c4 20. Qc2 b5 21. a4 a6
22. axb5 axb5 23. Rff1 Qb7 24. b3 Rxa1 25. Rxa1 Ra8 26. Rb1 Qd7 27. bxc4 bxc4
28. Qb2 Qxf5 29. Qb7 Rf8 30. Rb5 Rd8 31. Qc7 Ra8 32. Rb8+ Rxb8 33. Qxb8+ Kf7 34.
Qc7+ Kg6 35. h3 Qg5 36. Kf2 Qf5+ 37. Ke2 Qg5 38. Kf2 Qf5+ 39. Ke2 Qg5 40. Kf2 1/2-1/2

[Event "Women's Speed Chess Q1"]
[Site "chess.com INT"]
[Date "2020.06.18"]
[Round "3"]
[White "Pham, Bich Ngoc"]
[Black "Cramling, Pia"]
[Result "1/2-1/2"]
[WhiteTitle "WIM"]
[BlackTitle "GM"]
[WhiteElo "2235"]
[BlackElo "2464"]
[WhiteFideId "12401285"]
[BlackFideId "1700030"]
[EventDate "2020.06.18"]

1. g3 d5 2. f4 g6 3. Bg2 Bg7 4. d3 d4 5. Nf3 Nh6 6. e4 dxe3 7. c3 Nf5 8. Qe2 O-O
9. Na3 c5 10. Nc4 Nc6 11. O-O Be6 12. Nxe3 Qd7 13. Ng5 Rad8 14. Rd1 Nxe3 15.
Bxe3 Bg4 16. Bf3 Bxf3 17. Qxf3 b6 18. Rd2 h6 19. Ne4 f5 20. Nf2 e5 21. Rad1 Qe6
22. a3 a5 23. Re1 a4 24. Qd1 Qb3 25. Qxb3+ axb3 26. fxe5 Nxe5 27. Kg2 Rfe8 28.
Bf4 Kf7 29. h4 Rd7 30. Rde2 Rde7 31. Re3 Re6 32. Kf1 R6e7 33. Kg2 Re6 34. Kf1
R6e7 35. Kg2 1/2-1/2

[Event "Women's Speed Chess Q1"]
[Site "chess.com INT"]
[Date "2020.06.18"]
[Round "3"]
[White "Pham, Le Thao Nguyen"]
[Black "Harika, Dronavalli"]
[Result "0-1"]
[WhiteTitle "IM"]
[BlackTitle "GM"]
[WhiteElo "2366"]
[BlackElo "2515"]
[WhiteFideId "12401226"]
[BlackFideId "5015197"]
[EventDate "2020.06.18"]

1. d4 Nf6 2. Nf3 g6 3. g3 Bg7 4. Bg2 O-O 5. O-O d6 6. c4 Nbd7 7. Nc3 e5 8. e4
exd4 9. Nxd4 Nc5 10. h3 Re8 11. Re1 Bd7 12. Bf4 h6 13. Qc2 Nfxe4 14. Nxe4 Bxd4
15. Nxc5 dxc5 16. Bxh6 Qf6 17. Rad1 g5 18. Bxg5 Qxg5 19. Kh2 c6 20. f4 Qf6 21.
b3 Re7 22. Re2 Rae8 23. Rde1 Rxe2 24. Rxe2 Rxe2 25. Qxe2 Qe6 26. Qh5 Qg6 27. Qe2
Qb1 28. g4 Qg1+ 29. Kg3 Qe3+ 30. Qxe3 Bxe3 31. Be4 Kg7 32. Kf3 Bd4 33. h4 f5 34.
gxf5 Kf6 35. Kg4 a5 36. a4 b5 37. h5 bxc4 38. bxc4 Be8 39. h6 Bf7 40. Bd3 Ke7
41. f6+ Kxf6 42. f5 Bg8 43. Kf4 Bb2 44. Kg4 Bc1 45. Kh5 Bf7+ 0-1

[Event "Women's Speed Chess Q1"]
[Site "chess.com INT"]
[Date "2020.06.18"]
[Round "3"]
[White "Zavivaeva, Evelina"]
[Black "Bartel, Marta"]
[Result "0-1"]
[WhiteTitle "WCM"]
[BlackTitle "WGM"]
[WhiteElo "1619"]
[BlackElo "2192"]
[WhiteFideId "44127839"]
[BlackFideId "1123009"]
[EventDate "2020.06.18"]

1. e4 c5 2. c3 g6 3. d4 cxd4 4. cxd4 d5 5. e5 Bg7 6. Nc3 Nc6 7. Nf3 Bg4 8. Bb5
Nh6 9. h3 Bxf3 10. Qxf3 O-O 11. Be3 Nf5 12. Qxd5 Ncxd4 13. Bxd4 Nxd4 14. O-O
Qxd5 15. Nxd5 Nxb5 16. Nc3 Nxc3 17. bxc3 Bxe5 18. Rab1 b6 19. Rfe1 Bf6 20. Re3
Rac8 21. g4 Rxc3 22. Rxc3 Bxc3 23. Rc1 Be5 24. Rc2 Rd8 25. Re2 Bd6 26. Kg2 Rc8
27. f3 Kg7 28. Kf2 Rc3 29. h4 b5 30. Rb2 b4 31. Ke2 a5 32. Rd2 a4 33. Rb2 b3 34.
axb3 Rxb3 35. Ra2 a3 36. Kf2 Rb2+ 0-1

[Event "Women's Speed Chess Q1"]
[Site "chess.com INT"]
[Date "2020.06.18"]
[Round "3"]
[White "Zakirova, Aisha"]
[Black "Rakshitta, Ravi"]
[Result "1-0"]
[WhiteTitle "WCM"]
[BlackTitle "WIM"]
[WhiteElo "1585"]
[BlackElo "2190"]
[WhiteFideId "13719734"]
[BlackFideId "25073230"]
[EventDate "2020.06.18"]

1. d4 Nf6 2. c4 Nc6 3. Nf3 e6 4. Nc3 Bb4 5. Qc2 O-O 6. g3 d6 7. Bg2 Qe7 8. O-O
Bxc3 9. Qxc3 Ne4 10. Qc2 f5 11. a3 e5 12. dxe5 dxe5 13. b4 a5 14. b5 Nd8 15. Bb2
Nf7 16. a4 Rd8 17. Ba3 Qf6 18. Rfd1 Be6 19. c5 c6 20. b6 Bd5 21. Nd2 Nxd2 22.
Rxd2 Bxg2 23. Kxg2 Ng5 24. Rad1 Ne4 25. Qc4+ Kf8 26. Rd7 Rxd7 27. Rxd7 Rd8 28.
Rxb7 Rd5 29. Rc7 Nd2 30. Qxd5 cxd5 31. b7 Qd8 32. Rc8 Ke7 33. Rxd8 Kxd8 34.
b8=Q+ 1-0

[Event "Women's Speed Chess Q1"]
[Site "chess.com INT"]
[Date "2020.06.18"]
[Round "3"]
[White "Dauletova, Gulmira"]
[Black "Millard, Charlotte"]
[Result "1-0"]
[WhiteTitle "WIM"]
[BlackTitle "WCM"]
[WhiteElo "2319"]
[BlackElo "1252"]
[WhiteFideId "13702971"]
[BlackFideId "14320363"]
[EventDate "2020.06.18"]

1. e4 e5 2. Nf3 Nc6 3. Bb5 a6 4. Ba4 Bc5 5. c3 b5 6. Bb3 Nf6 7. O-O O-O 8. d4
exd4 9. cxd4 Bb4 10. e5 Ne8 11. d5 Na5 12. Bc2 d6 13. Qd3 g6 14. a3 Bc5 15. b4
Bb6 16. bxa5 Bxa5 17. Bg5 Qd7 18. Nc3 Qg4 19. Ne4 Bf5 20. Qe3 Bb6 21. Qf4 Qxf4
22. Bxf4 Bxe4 23. Bxe4 dxe5 24. Bxe5 f6 25. Bd4 Bxd4 26. Nxd4 Ng7 27. Ne6 Nxe6
28. dxe6 Rfe8 29. Bd5 Rad8 30. Rfd1 Re7 31. Bb3 Rde8 32. Rd7 Rxd7 33. exd7+ Kf8
34. dxe8=Q+ Kxe8 35. Rc1 Kd8 36. Rc6 f5 37. Rxa6 Kc8 38. Bd5 Kd7 39. Bc6+ Kd8
40. Bxb5 Kc8 41. Bc6 Kd8 42. Ra5 Ke7 43. Rd5 Ke6 44. f4 h6 45. h4 h5 46. a4 Ke7
47. a5 Ke6 48. a6 Ke7 49. a7 Ke6 50. a8=Q g5 51. Qe8+ Kf6 52. Bd7 gxf4 53. Rxf5+
Kg7 54. Qf7+ Kh6 55. Rxh5# 1-0

[Event "Women's Speed Chess Q1"]
[Site "chess.com INT"]
[Date "2020.06.18"]
[Round "3"]
[White "Burtasova, Anna"]
[Black "Nikulina, Alena"]
[Result "1-0"]
[WhiteTitle "WGM"]
[BlackTitle "WFM"]
[WhiteElo "2261"]
[BlackElo "1887"]
[WhiteFideId "4150740"]
[BlackFideId "4172051"]
[EventDate "2020.06.18"]

1. e4 c5 2. c3 Nf6 3. e5 Nd5 4. d4 cxd4 5. cxd4 d6 6. Nf3 Nc6 7. Bc4 e6 8. O-O
Be7 9. Qe2 O-O 10. Nc3 Nxc3 11. bxc3 d5 12. Bd3 f5 13. exf6 Bxf6 14. Re1 Bd7 15.
Ba3 Re8 16. Rab1 b6 17. Ne5 Nxe5 18. dxe5 Be7 19. Bc1 Bg5 20. f4 Bh6 21. Qh5 Rf8
22. Rf1 Be8 23. Qg4 Qe7 24. Be3 Rc8 25. Rbc1 g6 26. c4 Qa3 27. Rfd1 dxc4 28.
Qxe6+ Bf7 29. Qh3 Bg7 30. e6 Be8 31. e7 Qxe7 32. Bxc4+ Kh8 33. Qxc8 Qxe3+ 34.
Kh1 Bf7 35. Bxf7 Rxc8 36. Rxc8+ Bf8 37. Rxf8+ Kg7 38. Re8 Kxf7 39. Rxe3 1-0

[Event "Women's Speed Chess Q1"]
[Site "chess.com INT"]
[Date "2020.06.18"]
[Round "3"]
[White "Bivol, Alina"]
[Black "Dubnikova, Anastasia"]
[Result "1-0"]
[WhiteTitle "WGM"]
[BlackTitle "WFM"]
[WhiteElo "2386"]
[BlackElo "2148"]
[WhiteFideId "4100123"]
[BlackFideId "44153759"]
[EventDate "2020.06.18"]

1. Nf3 d5 2. g3 Nf6 3. Bg2 e6 4. O-O b5 5. a4 b4 6. c3 c5 7. d4 a5 8. Nbd2 Bb7
9. Ne5 Nbd7 10. Ndf3 Be7 11. h4 Nxe5 12. Nxe5 Nd7 13. Bf4 Nxe5 14. Bxe5 O-O 15.
dxc5 Bxc5 16. Qd2 Qe7 17. Kh2 Rac8 18. Qd3 f6 19. Bd4 Bxd4 20. cxd4 Rc4 21. e4
Rfc8 22. e5 f5 23. b3 Rc3 24. Qb5 Qc7 25. Rab1 Bc6 26. Qa6 Bb7 27. Qxe6+ Qf7 28.
Qb6 Qc7 29. Qb5 f4 30. Bxd5+ Bxd5 31. Qxd5+ Kh8 32. Rbe1 Qe7 33. e6 Rd8 34. Qg5
fxg3+ 35. fxg3 Rc2+ 36. Kg1 Qa7 1-0

[Event "Women's Speed Chess Q1"]
[Site "chess.com INT"]
[Date "2020.06.18"]
[Round "3"]
[White "Benmesbah, Natacha"]
[Black "Singgih, Diajeng Theresa"]
[Result "1-0"]
[WhiteTitle "WIM"]
[BlackTitle "WFM"]
[WhiteElo "2223"]
[BlackElo "1972"]
[WhiteFideId "642002"]
[BlackFideId "7104391"]
[EventDate "2020.06.18"]

1. e4 e5 2. Bc4 Nf6 3. d4 exd4 4. Nf3 Nc6 5. e5 d5 6. Bb5 Ne4 7. Nxd4 Bc5 8. Nc3
O-O 9. Bxc6 bxc6 10. Nxe4 dxe4 11. c3 Ba6 12. Bf4 Bd3 13. Nf5 g6 14. Qg4 Qc8 15.
Nh6+ Kg7 16. Qh4 Qe6 17. Ng4 h5 18. Bh6+ Kh8 19. Bxf8 Rxf8 20. Qf6+ Qxf6 21.
Nxf6 Be7 22. Rd1 Kg7 23. f3 Bxf6 24. exf6+ Kxf6 25. fxe4 Bxe4 26. O-O+ Kg5 27.
Rd7 f5 28. h3 Rb8 29. b3 c5 30. c4 c6 31. Rxa7 Rd8 32. Rf2 Rd1+ 33. Kh2 f4 34.
Re7 Bf5 35. Re5 Rd3 36. Rxc5 Rd4 37. Rxc6 Rd3 38. Rc5 Kh4 39. Rxf4+ Kg5 40. Rf2
Rc3 41. Rd5 Re3 42. c5 Rc3 43. b4 Re3 44. c6 Ra3 45. b5 Rc3 46. a4 Rc4 47. a5 1-0

[Event "Women's Speed Chess Q1"]
[Site "chess.com INT"]
[Date "2020.06.18"]
[Round "3"]
[White "Ambartsumova, Karina"]
[Black "Nandhidhaa, P V"]
[Result "0-1"]
[WhiteTitle "IM"]
[BlackTitle "WGM"]
[WhiteElo "2371"]
[BlackElo "2365"]
[WhiteFideId "4166299"]
[BlackFideId "5050847"]
[EventDate "2020.06.18"]

1. Nf3 Nf6 2. c4 c5 3. Nc3 b6 4. g3 Bb7 5. Bg2 e6 6. O-O Be7 7. d4 cxd4 8. Qxd4
d6 9. Rd1 O-O 10. b3 Nbd7 11. Bb2 a6 12. h3 Rc8 13. Rac1 Qc7 14. Nd5 exd5 15.
cxd5 Qb8 16. Ng5 h6 17. Ne4 Rxc1 18. Rxc1 Rc8 19. Rd1 Nc5 20. Nc3 Bf8 21. g4 Re8
22. h4 Qc8 23. g5 Nh5 24. Bf3 g6 25. Bxh5 Bg7 26. Qg4 gxh5 27. Qxh5 Qf5 28. f3
Re3 29. Kf2 Rxc3 30. Bxc3 Bxc3 31. Qxh6 Bg7 32. Qh5 Ne4+ 33. Kg2 Nf6 34. e4 Qe5 0-1

[Event "Women's Speed Chess Q1"]
[Site "chess.com INT"]
[Date "2020.06.18"]
[Round "3"]
[White "Sliwicka, Alicja"]
[Black "Fernandez, Maria Florencia"]
[Result "1-0"]
[WhiteTitle "WIM"]
[BlackTitle "WIM"]
[WhiteElo "2317"]
[BlackElo "2229"]
[WhiteFideId "1150677"]
[BlackFideId "116459"]
[EventDate "2020.06.18"]

1. e4 d6 2. d4 Nf6 3. Nc3 g6 4. f4 Bg7 5. Nf3 O-O 6. Bd3 Nc6 7. O-O e5 8. dxe5
dxe5 9. Kh1 exf4 10. Bxf4 Nh5 11. Bg5 Bf6 12. Bh6 Bg7 13. Qd2 Bg4 14. Nd5 Ne7
15. Bxg7 Kxg7 16. Qg5 Bxf3 17. Nxe7 Bg4 18. Bc4 f6 19. Qc5 b6 20. Qa3 Qd4 21.
Bd5 Rae8 22. Nc6 Qd2 23. Qxa7 Rc8 24. Qa4 Qh6 25. Qb3 Nf4 26. Qg3 f5 27. Qxf4
Qxf4 28. Rxf4 g5 29. Rff1 f4 30. Nd4 Rcd8 31. Nc6 Rd6 32. c4 1-0

[Event "Women's Speed Chess Q1"]
[Site "chess.com INT"]
[Date "2020.06.18"]
[Round "3"]
[White "Sihite, Chelsie Monica Ignesias"]
[Black "Voit, Daria"]
[Result "1-0"]
[WhiteTitle "WIM"]
[BlackTitle "WGM"]
[WhiteElo "2252"]
[BlackElo "2343"]
[WhiteFideId "7101198"]
[BlackFideId "4182146"]
[EventDate "2020.06.18"]

1. c4 e5 2. Nc3 Nf6 3. g3 d5 4. cxd5 Nxd5 5. Bg2 Nb6 6. Nf3 Nc6 7. O-O Be7 8. d3
O-O 9. Be3 Be6 10. Nd2 Nd5 11. Nxd5 Bxd5 12. Bxd5 Qxd5 13. Qb3 Qxb3 14. Nxb3
Rfd8 15. Rac1 Rd5 16. Rc4 f6 17. Rfc1 Kf7 18. a3 Ke6 19. Nd2 a5 20. Ne4 Rb5 21.
R1c2 Rd8 22. Nd2 h6 23. g4 Bd6 24. h3 Ne7 25. a4 Rb4 26. Rxb4 axb4 27. Nb3 b6
28. a5 bxa5 29. Nxa5 Ra8 30. Nb3 Nd5 31. Kg2 Nxe3+ 32. fxe3 Ra2 33. e4 g6 34.
Kf3 Kd7 35. Ke3 Ke6 36. Kf3 Kd7 37. e3 Ke7 38. d4 Kd7 39. h4 Kc8 40. h5 gxh5 41.
gxh5 Kb7 42. Kg4 Kb6 43. Kf5 Kb5 44. Kxf6 Ka4 45. Nc1 b3 46. Rc4+ Kb5 47. Rc3
exd4 48. Rxb3+ Kc4 49. Nxa2 Kxb3 50. exd4 Kxa2 51. e5 Bb4 52. e6 Kxb2 53. Kg6
Kc3 54. Kxh6 Kxd4 55. Kg6 Ke5 56. Kf7 Kf5 57. h6 Bc5 58. h7 Bd6 59. h8=Q 1-0

[Event "Women's Speed Chess Q1"]
[Site "chess.com INT"]
[Date "2020.06.18"]
[Round "3"]
[White "Golubenko, Valentina"]
[Black "Enkhtuul, Altan-Ulzii"]
[Result "1-0"]
[WhiteTitle "WGM"]
[BlackTitle "WGM"]
[WhiteElo "2209"]
[BlackElo "2228"]
[WhiteFideId "4501993"]
[BlackFideId "4901444"]
[EventDate "2020.06.18"]

1. d4 c5 2. g3 cxd4 3. Bg2 e5 4. c3 Nc6 5. cxd4 Nxd4 6. Nc3 d6 7. e3 Ne6 8. Nge2
Nf6 9. O-O Be7 10. e4 O-O 11. Be3 Nc5 12. h3 Be6 13. Rc1 a6 14. b4 Ncd7 15. b5
axb5 16. Nxb5 Rxa2 17. Nec3 Ra6 18. Nd5 Bxd5 19. exd5 Ra5 20. Qb3 Ne8 21. Bd2
Ra8 22. Bb4 Qb6 23. Bd2 Nc5 24. Qc4 Ra4 25. Qe2 Nb3 26. Rb1 Nxd2 27. Qxd2 Qa6
28. Rfc1 Ra2 29. Qe3 f5 30. Nc7 Nxc7 31. Rxc7 Re2 32. Qf3 e4 33. Qf4 Bd8 34.
Rcxb7 Qa2 35. Bf1 Rc2 36. Qxd6 Rxf2 37. Qe6+ Kh8 38. Rf7 Rg8 39. Rb8 Rh2 40.
Qxf5 Qa5 41. Kxh2 e3 42. Rf8 Qd2+ 43. Bg2 g6 44. Qe5+ 1-0

[Event "Women's Speed Chess Q1"]
[Site "chess.com INT"]
[Date "2020.06.18"]
[Round "3"]
[White "Root, Alexey"]
[Black "Tarleva, Vira"]
[Result "1/2-1/2"]
[WhiteTitle "WIM"]
[BlackTitle "WFM"]
[WhiteElo "2025"]
[BlackElo "2030"]
[WhiteFideId "2004658"]
[BlackFideId "14116693"]
[EventDate "2020.06.18"]

1. d4 d5 2. Nf3 Nf6 3. e3 e6 4. c4 c6 5. Nc3 a6 6. Bd3 dxc4 7. Bxc4 b5 8. Bd3 c5
9. O-O Be7 10. dxc5 Bxc5 11. Ne4 Nxe4 12. Bxe4 Qxd1 13. Rxd1 Ra7 14. a3 Bb7 15.
Bxb7 Rxb7 16. b4 Be7 17. Bb2 O-O 18. Ne5 f6 19. Nf3 Nd7 20. Rac1 Nb6 21. Rc6 Nc4
22. Bc1 Rd8 23. Rxd8+ Bxd8 24. Rxe6 Rd7 25. g3 Rd1+ 26. Kg2 Rxc1 27. Re8+ Kf7
28. Rxd8 Nxa3 29. Ra8 Rc6 30. Nd4 Rd6 31. Rc8 Nc4 32. Kf3 Kg6 33. h4 h5 34. g4
hxg4+ 35. Kxg4 Ne5+ 36. Kf4 Nd3+ 37. Kg3 Nxb4 38. Kg4 Nd3 39. f4 f5+ 40. Nxf5
Nf2+ 41. Kf3 Kxf5 42. Kxf2 b4 43. Kf3 a5 44. e4+ Kg6 45. f5+ Kf7 46. e5 Rb6 47.
e6+ Ke7 48. Rc7+ Kf8 49. Rc8+ Ke7 50. Rc7+ Kf8 51. Rc8+ Ke7 1/2-1/2

[Event "Women's Speed Chess Q1"]
[Site "chess.com INT"]
[Date "2020.06.18"]
[Round "3"]
[White "Allahverdiyeva, Ayan"]
[Black "Balabayeva, Xeniya"]
[Result "0-1"]
[WhiteTitle "WFM"]
[BlackTitle "WFM"]
[WhiteElo "2088"]
[BlackElo "2146"]
[WhiteFideId "13412590"]
[BlackFideId "13719688"]
[EventDate "2020.06.18"]

1. e4 e6 2. d4 d5 3. e5 c5 4. c3 Nc6 5. Nf3 Bd7 6. a3 Rc8 7. Be2 Nge7 8. O-O Ng6
9. b4 cxd4 10. cxd4 a6 11. Be3 Be7 12. Nbd2 h6 13. Nb3 Na7 14. Nc5 Bxc5 15. bxc5
Bb5 16. Bxb5+ Nxb5 17. Qb3 Qd7 18. Rfb1 Rb8 19. a4 Na7 20. Ne1 O-O 21. Nd3 Nc6
22. Qb6 Nge7 23. Bd2 Nxd4 24. Qd6 Qe8 25. Ba5 Nef5 26. Qb6 Qc8 27. Qc7 Nc6 28.
Bb6 Nfd4 29. f4 Ne2+ 30. Kf2 Nc3 31. Rb3 Ne4+ 32. Kg1 Re8 33. Nb4 Nd4 34. Rbb1
Ne2+ 35. Kh1 Nf2# 0-1

[Event "Women's Speed Chess Q1"]
[Site "chess.com INT"]
[Date "2020.06.18"]
[Round "3"]
[White "Borisova, Ekaterina"]
[Black "Shuvalova, Polina"]
[Result "1-0"]
[WhiteTitle "FM"]
[BlackTitle "WGM"]
[WhiteElo "2283"]
[BlackElo "2454"]
[WhiteFideId "34124184"]
[BlackFideId "24171760"]
[EventDate "2020.06.18"]

1. Nf3 Nf6 2. g3 g6 3. c4 Bg7 4. Bg2 c6 5. d4 d5 6. b3 O-O 7. O-O Nbd7 8. Bb2
Ne4 9. Nc3 Ndf6 10. e3 Bg4 11. h3 Bf5 12. Qe2 h5 13. Ne5 Rc8 14. Rfc1 Nxc3 15.
Bxc3 Be4 16. f3 Bf5 17. g4 Be6 18. c5 Kh7 19. b4 a6 20. a4 Nd7 21. f4 Nxe5 22.
dxe5 Qd7 23. gxh5 Rh8 24. hxg6+ fxg6 25. Kf2 Kg8 26. Rh1 Rf8 27. h4 Bg4 28. Bf3
Bxf3 29. Qxf3 Rf5 30. Rag1 Qe6 31. Qg4 Kf7 32. Ke2 d4 33. Bxd4 Qc4+ 34. Kf3 Qe6
35. Rh2 Rh6 36. e4 Rfh5 37. f5 Qb3+ 38. Be3 Ke8 39. fxg6 1-0

[Event "Women's Speed Chess Q1"]
[Site "chess.com INT"]
[Date "2020.06.18"]
[Round "3"]
[White "Khotenashvili, Bela"]
[Black "Tarasova, Viktoriya"]
[Result "1-0"]
[WhiteTitle "GM"]
[BlackTitle "WIM"]
[WhiteElo "2458"]
[BlackElo "2226"]
[WhiteFideId "13602640"]
[BlackFideId "4175840"]
[EventDate "2020.06.18"]

1. d4 Nf6 2. c4 e6 3. g3 c5 4. Nf3 cxd4 5. Nxd4 d5 6. Bg2 e5 7. Nf3 d4 8. O-O
Nc6 9. e3 Be7 10. exd4 exd4 11. Re1 O-O 12. Bf4 Bf5 13. Nbd2 Rc8 14. Ne5 Bd6 15.
Qb3 Na5 16. Qa4 Nh5 17. Nxf7 Rxf7 18. Bxd6 Qxd6 19. Qxa5 b6 20. Qe5 Qxe5 21.
Rxe5 Kf8 22. Bd5 Rf6 23. Nf3 d3 24. Nd4 g6 25. Rd1 Kg7 26. Nxf5+ gxf5 27. Re7+
Kh6 28. Rxa7 f4 29. g4 Rg6 30. f3 Nf6 31. Be6 Rc6 32. Bf5 Rg5 33. b3 Rg7 34.
Rxg7 Kxg7 35. Rxd3 h5 36. g5 Ne8 37. Rd7+ Kf8 38. h4 Nd6 39. Bh7 b5 40. g6 Ne8
41. Rf7# 1-0

[Event "Women's Speed Chess Q1"]
[Site "chess.com INT"]
[Date "2020.06.18"]
[Round "3"]
[White "Kairbekova, Amina"]
[Black "Papp, Sarah"]
[Result "0-1"]
[WhiteTitle "WFM"]
[BlackTitle "WGM"]
[WhiteElo "2065"]
[BlackElo "2334"]
[WhiteFideId "13712799"]
[BlackFideId "24606812"]
[EventDate "2020.06.18"]

1. e4 c5 2. Nf3 e6 3. d4 cxd4 4. Nxd4 Nc6 5. Nc3 Qc7 6. Be3 a6 7. a3 Nf6 8. f4
d6 9. Qf3 Be7 10. O-O-O Bd7 11. Kb1 b5 12. g4 Nxd4 13. Bxd4 e5 14. g5 Bg4 15.
Qd3 exd4 16. gxf6 dxc3 17. fxe7 Bxd1 18. Qxd1 Qxe7 19. Bg2 O-O 20. Bf3 cxb2 21.
Rg1 Rac8 22. Qd4 g6 23. Qxb2 Rc4 24. Rg2 Rfc8 25. Re2 Rc3 26. Bg4 R8c4 27. e5
dxe5 28. fxe5 h5 29. e6 hxg4 30. exf7+ Qxf7 31. Rd2 Qf5 32. Rd8+ Kh7 33. Ra8
Qxc2+ 34. Qxc2 Rxc2 35. Ra7+ Kh6 36. Rxa6 Rxh2 37. a4 bxa4 38. Ra8 g3 39. Rh8+
Kg5 40. Rxh2 gxh2 41. Ka2 h1=Q 42. Ka3 Qf3+ 43. Kb2 Qb3+ 44. Ka1 Rc1# 0-1

[Event "Women's Speed Chess Q1"]
[Site "chess.com INT"]
[Date "2020.06.18"]
[Round "3"]
[White "Fuentes Inzunza, Lesly"]
[Black "Nithyalakshmi, Sivanesan"]
[Result "0-1"]
[WhiteTitle "WFM"]
[BlackTitle "WCM"]
[WhiteElo "1840"]
[BlackElo "1945"]
[WhiteFideId "3408205"]
[BlackFideId "5706955"]
[EventDate "2020.06.18"]

1. d4 Nf6 2. Nf3 g6 3. Bf4 d5 4. e3 Bg7 5. Be2 O-O 6. h3 c5 7. c3 Qb6 8. Qb3 c4
9. Qxb6 axb6 10. Na3 Bd7 11. O-O b5 12. Nc2 Bf5 13. Nb4 Nc6 14. Nh4 Bd7 15. a3
h6 16. Nf3 Bf5 17. g4 Be6 18. Nc2 Ne4 19. Rfd1 h5 20. Nd2 Nf6 21. f3 Nd7 22. Kf2
Nb6 23. gxh5 gxh5 24. Rg1 Kh7 25. h4 Bf5 26. e4 Bg6 27. Rg2 e6 28. Rag1 Na4 29.
exd5 exd5 30. Nb4 Nxb4 31. axb4 Nxb2 32. Bd6 Rfd8 33. Be5 Bxe5 34. dxe5 d4 35.
cxd4 Rxd4 36. Ne4 Rad8 37. Rg5 Nd3+ 38. Bxd3 cxd3 39. Nf6+ Kh6 40. Rd1 Rxh4 41.
Rg2 Rxb4 0-1